[Event "Superbet Rapid GCT 2019"]
[Site "Bucharest"]
[Date "2019.11.08"]
[Round "8.4"]
[White "Caruana, Fabiano"]
[Black "Mamedyarov, Shakhriyar"]
[Result "0-1"]
[WhiteElo "2812"]
[BlackElo "2767"]
[Annotator "TA"]
[PlyCount "100"]
[EventDate "2019.11.06"]
[EventType "tourn"]
[EventCountry "ROU"]
[SourceTitle "playchess.com"]
[Source "ChessBase"]
[SourceQuality "1"]

{[%evp 14,100,21,21,14,14,16,16,27,27,17,12,12,7,5,0,10,0,6,0,0,0,1,0,0,0,0,0,0,-54,-33,-43,-47,-44,-39,-161,-162,-213,-214,-213,-218,-214,-176,-182,-172,-172,-185,-172,-177,-241,-190,-333,-105,-108,-74,-87,-82,-85,0,-62,0,-52,0,-8,-8,-10,-1,-10,-1,-7,-8,-29,-29,-29,0,0,0,0,8,8,16,14,27,16,45,0,41,-6094,-5925]} 1. e4 e5 2. Nf3 Nc6 3. Bc4 Bc5 4. c3 Nf6 5. d3 d6 6. O-O h6 7. Re1 O-O 8. h3 Bb6 {C54: Giuoco Piano: 4 c3 Nf6, main lines with 5 d4 and 5 d3} (8... a6 9. a4 a5 10. Nbd2 Be6 11. Bb5 Na7 12. d4 Nxb5 13. dxc5 Na7 14. b3 Re8 15. cxd6 Qxd6 16. Ba3 {1-0 (43) Carlsen,M (2882)-So,W (2776) Saint Louis 2019}) (8... a5 9. Bb3 Re8 10. Nbd2 Be6 11. Ba4 Bd7 12. Nf1 Ne7 13. d4 exd4 14. cxd4 Bb4 15. Re2 Bxa4 16. Qxa4 {0-1 (37) Caruana,F (2818)-Mamedyarov,S (2764) Saint Louis 2019}) 9. a4 a5 10. Nbd2 Ne7 {The position is equal.} 11. Bb3 Ng6 12. d4 c6 13. Bc2 Re8 14. Nc4 Bc7 15. Be3 $146 ({Predecessor:} 15. dxe5 dxe5 16. Qxd8 Rxd8 {½-½ (52) Liu,M (2173)-Xiao,Y (2287) Beijing 2017}) 15... Be6 16. Ncd2 Qe7 17. Nf1 Rad8 18. Ng3 d5 19. exd5 Nxd5 20. Bxg6 fxg6 21. Qc2 (21. Qb1 $11) 21... exd4 $1 $15 22. Bxd4 Nf4 23. Be5 Bxe5 24. Rxe5 {[#]} (24. Nxe5 $15 Qg5 25. Nf3) 24... Qf7 $1 $19 25. Kh2 (25. c4 {is a better defense.}) 25... Bd5 26. Rxe8+ Rxe8 ({Less strong is} 26... Qxe8 27. Re1 $11) 27. Ne1 {[#]} Rxe1 $1 {[%mdl 512]} 28. Rxe1 {Strongly threatening Ne4.} Nxg2 29. Re4 Bxe4 30. Qxe4 Nf4 31. Qd4 (31. Qe3 $142) 31... Kh7 32. b4 (32. c4 $142) 32... Nd5 $2 (32... b5 $19 {has better winning chances.} 33. bxa5 Ne6) 33. bxa5 $17 Qf3 {And now ...Nf4 would win.} 34. Ne4 Qf4+ ({Reject} 34... Nf4 $6 {[#]} 35. Nf6+ $1 {[%mdl 512]} gxf6 36. Qd7+ Kg8 37. Qd8+ Kf7 38. Qd7+ Kf8 39. Qd8+ Kg7 40. Qe7+ Kh8 41. Qe8+ Kh7 42. Qf7+ Kh8 43. Qe8+ Kh7 44. Qf7+ Kh8 45. Qe8+ $11) 35. Ng3 {next Qxf4 is good for White.} Qf3 {Hoping for ...Nf4.} 36. Ne4 $1 Qf7 ({Black should play} 36... Qf5 $15) 37. Qe5 ({White should try} 37. Ng3 $11) 37... g5 (37... Qf8 $15) 38. Kg3 Nf4 {Threatens to win with ...Qd7.} 39. Nd6 Qc7 {White must now prevent ...Ng6.} 40. c4 $1 Ng6 41. Qd4 c5 42. Qd3 Qxa5 43. Nxb7 Qa7 44. Qe4 Qxa4 45. Nxc5 Qa3+ 46. Nd3 h5 47. c5 Kh6 48. Kh2 Qc3 49. Qe3 Nh4 50. Ne5 $2 {[%mdl 8192] [#]} (50. Qe6+ $14 Qf6 51. Qxf6+ gxf6 52. c6) 50... Qxe5+ $1 {[%mdl 576] Remove Defender. Accuracy: White = 51%, Black = 64%.} 0-1

[Event "Superbet Rapid GCT 2019"]
[Site "Bucharest"]
[Date "2019.11.08"]
[Round "8.5"]
[White "Le, Quang Liem"]
[Black "Artemiev, Vladislav"]
[Result "1/2-1/2"]
[WhiteElo "2708"]
[BlackElo "2746"]
[Annotator "TA"]
[PlyCount "121"]
[EventDate "2019.11.06"]
[EventType "tourn"]
[EventCountry "ROU"]
[SourceTitle "playchess.com"]
[Source "ChessBase"]
[SourceQuality "1"]

{[%evp 14,121,48,16,77,68,71,64,86,61,62,62,73,74,104,62,63,56,59,56,80,63,80,54,54,81,78,36,46,40,83,47,121,122,212,210,262,270,275,158,154,165,159,145,126,132,146,138,144,140,139,121,104,110,165,17,133,127,215,111,155,0,0,0,302,287,293,282,287,267,278,0,0,-1331,-1418,-1255,-1316,-894,-894,-827,-827,-642,-362,-296,0,-612,0,0,0,0,0,0,0,0,0,0,0,0,0,0,0,0,0,0,0,0,0,0,0,0]} 1. e4 c5 2. Nf3 e6 3. d4 cxd4 4. Nxd4 a6 5. c4 Nf6 6. Nc3 Qc7 7. Be2 Bb4 8. Qd3 b6 {B41: Sicilian: Kan Variation: 5 c4} (8... O-O $11 {keeps the balance.}) 9. a3 $16 Be7 10. Qg3 $146 ({Predecessor:} 10. O-O Bb7 11. f4 d6 12. b4 Nbd7 13. Bb2 h5 14. Rac1 Rc8 {1-0 (24) Ragger,M (2652)-Pichot,A (2486) Graz 2015}) 10... d6 {White is slightly better.} 11. Be3 Bb7 12. f3 Nbd7 13. Rc1 O-O 14. O-O Rfc8 15. Rfd1 Nf8 16. b4 $40 {[%mdl 128] White has some attack.} Ng6 17. Qf2 Rab8 18. Kh1 Ba8 19. Nb3 Nd7 20. c5 bxc5 21. Bxa6 Rd8 22. Bf1 c4 (22... Bc6 $14) 23. Na5 Nge5 (23... Nde5 $16) 24. Ba7 $18 h5 (24... Rbc8 $2 25. Nb5 $18) 25. Bxb8 Rxb8 26. Nxc4 (26. Qd4 $18) 26... Nxc4 $16 27. Bxc4 Qxc4 28. Nd5 exd5 29. Rxc4 dxc4 30. Qa7 Bc6 31. Qc7 Ba4 32. Rc1 Bb5 33. g3 Bf6 (33... Ra8 $16) 34. Rxc4 (34. Qxd6 $18 g6 35. f4) 34... Bxc4 (34... Bd8 $1 $11 35. Qxd6 Bxc4 36. Qxd7 Be6) 35. Qxc4 Ne5 (35... Kf8 $16 {was necessary.}) 36. Qb3 (36. Qc7 $18 Re8 37. b5 Nxf3 38. b6) 36... Nc6 37. Kg2 $2 (37. f4 $16) 37... Nd4 $11 38. Qc4 Ra8 $2 {[%mdl 8192]} (38... Rb6 $1 $11) 39. b5 $18 {[%cal Bb4b5,Bb5b6][%mdl 32] Hoping for b6.} Ne6 40. b6 {Threatens to win with b7.} Nc5 41. Qd5 {[%mdl 64] Double Attack} Rxa3 42. Qxd6 $2 ({White should try} 42. b7 $18 Nxb7 43. Qxb7) 42... Ra2+ $11 43. Kh3 $2 {[%mdl 8192]} (43. Kf1 $11 Ra1+ 44. Ke2 Ra2+ 45. Kf1 Ra1+ 46. Kg2 Ra2+ 47. Kg1 Ra1+ 48. Kg2 Ra2+) 43... Ne6 $1 $19 {[%cal Re6g5] ( -> ...Ng5+)} 44. g4 {[#]} Ng5+ $1 45. Kg3 {[#]} h4+ $1 {[%mdl 512]} 46. Kf4 (46. Kxh4 Nxe4+) 46... Ne6+ 47. Kf5 Nd4+ (47... Ra5+ 48. e5 $11) 48. Kf4 {e5 is the strong threat.} Ne6+ $2 (48... Re2 49. g5 Ne6+ {[%mdl 64] Double Attack} 50. Kf5 Rg2) 49. Kf5 {Black must now prevent e5.} Ra5+ $2 ({Better is} 49... Bg5 $19 50. Qb4 Bd2) 50. e5 $11 {The position is equal.} Bxe5 51. Qxe5 {[%mdl 4096] Endgame KQ-KRN} Nd4+ 52. Ke4 Rxe5+ 53. Kxe5 {KN-KP} Nc6+ 54. Kd6 Na5 55. Kc5 ({Of course not} 55. Kc7 {[#]} f5 $1 $17 {[%mdl 512]}) 55... Kf8 56. Kb5 Nb7 {aiming for ...Nd8.} 57. Kc6 Nd8+ 58. Kd7 Nb7 59. Kc6 Na5+ 60. Kb5 ({Wrong is} 60. Kc7 $2 Ke7 $19) 60... Nb7 {Strongly threatening ...Nd8.} 61. Kc6 {Accuracy: White = 64%, Black = 54%.} 1/2-1/2

[Event "Superbet Rapid GCT 2019"]
[Site "Bucharest"]
[Date "2019.11.08"]
[Round "9.1"]
[White "Artemiev, Vladislav"]
[Black "So, Wesley"]
[Result "1/2-1/2"]
[WhiteElo "2746"]
[BlackElo "2767"]
[Annotator "TA"]
[PlyCount "77"]
[EventDate "2019.11.06"]
[EventType "tourn"]
[EventCountry "ROU"]
[SourceTitle "playchess.com"]
[Source "ChessBase"]
[SourceQuality "1"]

{[%evp 14,77,32,19,31,18,30,23,23,17,17,17,29,17,19,21,18,16,17,9,16,15,14,10,10,10,13,10,10,9,15,8,9,10,7,9,13,9,9,16,14,9,9,0,0,0,0,0,0,0,0,0,0,0,0,0,0,0,0,0,0,0,0,0,0,0]} 1. Nf3 d5 2. g3 g6 3. Bg2 Bg7 4. d4 Nf6 5. c4 dxc4 6. Na3 c5 7. O-O O-O 8. dxc5 c3 {D77: Fianchetto Grünfeld: 6 0-0: Replies other than 6...c6} 9. Nb5 Na6 {[%cal Bb8a6,Ba6c5,Bc5e4][%mdl 32]} 10. Nxc3 Nxc5 {White has an edge.} 11. Be3 {[#] aiming for Qxd8.} Nfe4 12. Nxe4 Nxe4 13. Bd4 Bxd4 {The position is equal.} 14. Qxd4 Qxd4 15. Nxd4 Nd6 {[#]} 16. Rac1 $146 ({Predecessor:} 16. Rfc1) 16... Rd8 17. f4 Bg4 18. h3 Bd7 19. Rc7 Rac8 20. Rfc1 Kf8 21. Kf2 f6 22. Bd5 Bxh3 {[#] White must now prevent ...Rxc7.} 23. Be6 Rxc7 24. Rxc7 f5 25. Bd5 {Threatens to win with Ne6+.} Ne4+ 26. Bxe4 $1 {And now Ne6+ would win.} Rxd4 27. Bxb7 $11 {[%mdl 4096] Endgame KRB-KRB} Rd2 28. Bf3 Rxb2 29. Rxa7 Bg4 30. Ra8+ Kg7 $1 31. Bxg4 fxg4 {KR-KR} 32. a4 {[%cal Ba2a4,Ba4a5,Ba5a6,Ba6a7][%mdl 32]} Ra2 33. a5 h5 34. a6 Kf7 35. a7 Kg7 36. Kf1 Ra1+ 37. Kf2 Ra2 38. Ke3 Ra3+ 39. Kf2 {Accuracy: White = 63%, Black = 87%.} 1/2-1/2

[Event "Superbet Rapid GCT 2019"]
[Site "Bucharest"]
[Date "2019.11.08"]
[Round "9.2"]
[White "Anand, Viswanathan"]
[Black "Le, Quang Liem"]
[Result "0-1"]
[WhiteElo "2765"]
[BlackElo "2708"]
[Annotator "TA"]
[PlyCount "98"]
[EventDate "2019.11.06"]
[EventType "tourn"]
[EventCountry "ROU"]
[SourceTitle "playchess.com"]
[Source "ChessBase"]
[SourceQuality "1"]

{[%evp 14,98,16,28,16,16,16,27,17,16,16,18,23,17,10,3,12,12,21,14,24,-14,-11,-8,-20,-26,0,-6,0,-17,13,-36,-19,-45,0,-5,-10,-26,45,20,23,19,32,-139,-93,-61,-70,-77,-78,-64,-99,-317,-296,-290,-130,-258,-244,-240,-251,-347,0,0,0,-329,-308,-293,-285,-230,-243,-218,-262,-167,0,0,0,0,0,-590,-587,-5085,-3149,-29977,-29978,-29971,-29972,-29972,-29974]} 1. e4 c5 2. Nf3 Nc6 3. Bb5 g6 4. Bxc6 dxc6 5. d3 Bg7 6. h3 e5 7. Be3 b6 8. Nbd2 Qc7 {B31: Sicilian: 2...Nc6 3 Bb5 g6} 9. a4 a5 10. Nc4 Be6 {White has an edge.} 11. b3 h6 12. O-O Ne7 13. Nfd2 $146 ({Predecessor:} 13. Qd2 f5 14. Qe1 O-O 15. exf5 gxf5 16. Ncxe5 {0-1 (51) Xu,Y (2546)-Wen,Y (2602) Hangzhou 2019}) 13... O-O 14. f4 exf4 15. Bxf4 Qd8 16. Rb1 f5 17. Qe2 g5 $1 {[%cal Rg5f4]} 18. Bd6 {Hoping for Bxe7.} f4 $1 19. e5 Rf7 20. Ne4 Nf5 21. c3 Bd5 22. Rfe1 Nh4 23. Qf2 Ng6 24. d4 cxd4 25. cxd4 Nf8 ({Black should play} 25... h5 $11) 26. Nc3 Ne6 27. Rbd1 h5 28. Qc2 $2 (28. Nxd5 cxd5 29. Ba3 dxc4 $11) (28. Rf1 $14 {stays ahead.}) 28... f3 29. Rf1 g4 30. hxg4 $1 hxg4 {aiming for ...Qh4.} 31. g3 Ng5 {Threatens to win with ...f2+!} 32. Nxd5 $2 (32. Rd2 $17 {keeps fighting.}) 32... cxd5 $19 33. Ne3 Nh3+ (33... Ne4 $1 $19 {[%cal Re4g3]} 34. e6 Qxd6 35. exf7+ Kxf7) 34. Kh1 {[#]} (34. Kh2 $17) 34... Qg5 $1 {[%cal Rg5e3]} 35. Nxd5 Qh6 36. Rd2 Nf2+ {[%mdl 64] Discovered Attack (Double check)} 37. Kg1 Nh3+ 38. Kh1 {[#] Rh2 is the strong threat.} f2 $1 {[%csl Gf7,Gh6][%cal Rh3f4]} ({Much less strong is} 38... Nf2+ 39. Kg1 $19) 39. Kg2 {Strongly threatening Qe4.} Ng5 {[%csl Gg4,Gg5][%cal Rh6h3]} 40. Nf4 Nf3 $40 {[%csl Gf3][%cal Rh6h2][%mdl 128] Black wants a kill.} 41. Kxf2 {Black should prevent Ke3.} Qh2+ 42. Ke3 Qxg3 $2 {[#]} ({Black should try} 42... Nxd2 $19 43. Qxd2 Qxg3+ 44. Ke2 Qxb3) 43. e6 $1 $11 {[%mdl 512]} Ng5+ 44. Ke2 {[#]} Nxe6 $1 {[%mdl 576] Pin} 45. Qe4 $2 {[%mdl 8192] [#]} (45. Qc4 $11 {and White stays safe.} Nxd4+ 46. Rxd4 Bxd4 47. Qxd4 Re8+ 48. Kd2 Qxb3 49. Rg1) (45. Nxe6 Qg2+) 45... Re8 $1 $19 {[%mdl 512] ( -> ...Nxf4+)} 46. Nxe6 Qxd6 47. d5 Qh2+ {Black mates.} 48. Ke1 Rxf1+ {[%mdl 64] Overworked Piece} 49. Kxf1 Qxd2 {Accuracy: White = 44%, Black = 64%.} 0-1

[Event "Superbet Rapid GCT 2019"]
[Site "Bucharest"]
[Date "2019.11.08"]
[Round "9.3"]
[White "Korobov, Anton"]
[Black "Caruana, Fabiano"]
[Result "1/2-1/2"]
[WhiteElo "2679"]
[BlackElo "2812"]
[Annotator "TA"]
[PlyCount "101"]
[EventDate "2019.11.06"]
[EventType "tourn"]
[EventCountry "ROU"]
[SourceTitle "playchess.com"]
[Source "ChessBase"]
[SourceQuality "1"]

{[%evp 18,101,31,25,27,24,22,33,22,39,9,12,13,22,59,15,14,10,16,3,6,6,25,29,35,16,12,10,11,11,50,0,24,5,43,43,43,45,61,62,61,70,144,157,156,148,367,356,310,119,216,125,125,117,104,114,130,129,129,129,104,57,60,66,75,-97,-29,-18,0,-20,210,199,191,145,297,0,0,0,0,0,0,0,0,0,0,0]} 1. d4 d5 2. c4 e6 3. Nc3 Be7 4. Nf3 Nf6 5. Bf4 O-O 6. e3 c5 7. dxc5 Bxc5 8. Qc2 Nc6 9. a3 $146 ({Predecessor:} 9. Rd1 Qa5 {½-½ (57) Mamedyarov,S (2808)-Anand,V (2759) Paris 2018}) 9... Qa5 10. Rd1 Re8 {D37: Queen's Gambit Declined: 5 Bf4} 11. Nd2 e5 12. Bg5 {Strongly threatening Nb3.} Nd4 $1 {[%cal Rd4c2] White is slightly better.} 13. Qb1 {Black must now prevent Bxf6.} (13. exd4 exd4+ 14. Be2 (14. Ne2 $2 Ng4 $19) 14... dxc3 $17) 13... Bf5 $132 {[%mdl 2048] Black is not holding back} 14. Bd3 Bxd3 $1 15. Qxd3 Ne4 $1 ({Avoid the trap} 15... e4 $2 16. Qb1 $18) 16. Nxd5 ({Reject} 16. exd4 exd4 17. O-O dxc3 $17) 16... Nxg5 17. exd4 Bxd4 18. b4 Qd8 19. Qb3 Rc8 (19... f6 {keeps more tension.} 20. O-O Kh8 21. a4 a5 22. b5 Ne6) 20. O-O Rc6 21. h4 Ne6 22. Nf3 Rd6 23. a4 f6 24. Rfe1 Kh8 25. h5 Rd7 26. a5 Rf8 27. Nh4 b5 {Hoping for ...bxc4.} 28. axb6 $1 axb6 {White should prevent ...b5.} 29. Qa4 $1 Rxd5 (29... Rff7 $14) 30. cxd5 $16 Qxd5 31. Nf3 e4 $2 (31... h6 $16 {might work better.} 32. Nh4 b5) 32. Nxd4 $18 Nxd4 33. Qa3 $2 (33. Qa6 $18 {has better winning chances.}) 33... Rd8 {[#]} (33... h6 $16) 34. Qe3 ({White should play} 34. h6 $1 $18 {[%mdl 512]}) 34... h6 $16 35. Rc1 $1 ({Not} 35. Qxe4 Qxe4 36. Rxe4 Nf3+ 37. gxf3 Rxd1+ 38. Kg2 Rd5 $15) 35... f5 36. Qg3 Ne6 37. Red1 Nd4 38. Kh1 f4 39. Qxf4 {And now Qg4 would win.} Qxh5+ 40. Qh2 Rd5 41. Ra1 $2 {[#]} (41. Rc8+ $16 Kh7 42. Qxh5 Rxh5+ 43. Kg1 Ne2+ 44. Kf1) 41... Kh7 (41... Qe2 $1 $17) 42. Qh3 $1 $11 Qg6 {...Rh5 is the strong threat.} 43. g4 {Threatens to win with Rd2.} e3 $2 (43... Qg5 $11 {and Black has nothing to worry.}) 44. fxe3 $18 Qe4+ 45. Qg2 Qxe3 $2 {[#]} (45... Qxg2+ $16 {keeps fighting.} 46. Kxg2 Nc2 47. Rxd5 Nxe3+ 48. Kf3 Nxd5) 46. Qxd5 $2 ({Only move:} 46. Re1 $1 $18 {[%cal Re1e3]} Qf3 47. Rad1 Qxg2+ 48. Kxg2) 46... Qh3+ $11 {The position is equal.} 47. Kg1 {Intending Qe4+ and mate.} Qg3+ $1 48. Qg2 Nf3+ 49. Kf1 {Threatening mate with Qc2+.} Nh2+ {[%mdl 64] Double Attack} 50. Kg1 $1 Nf3+ 51. Kf1 {Accuracy: White = 64%, Black = 36%.} 1/2-1/2

[Event "Superbet Rapid GCT 2019"]
[Site "Bucharest"]
[Date "2019.11.08"]
[Round "9.4"]
[White "Aronian, Levon"]
[Black "Giri, Anish"]
[Result "1/2-1/2"]
[WhiteElo "2758"]
[BlackElo "2780"]
[Annotator "TA"]
[PlyCount "112"]
[EventDate "2019.11.06"]
[EventType "tourn"]
[EventCountry "ROU"]
[SourceTitle "playchess.com"]
[Source "ChessBase"]
[SourceQuality "1"]

{[%evp 24,112,37,15,20,0,0,0,0,0,0,-37,-22,-41,0,-7,-1,-22,24,26,31,21,20,23,23,12,8,12,14,-18,0,-8,15,0,0,0,0,0,62,50,74,66,83,83,55,33,36,29,22,11,11,11,83,83,83,83,83,83,83,83,83,83,83,83,83,83,83,83,83,83,83,35,36,33,38,38,38,38,83,83,83,83,83,83,83,83,83,36,36,28,53]} 1. e4 c5 2. Nf3 d6 3. d4 cxd4 4. Nxd4 Nf6 5. Nc3 a6 6. f3 e5 7. Nb3 Be6 8. Be3 Be7 9. Qd2 h5 10. Nd5 Bxd5 11. exd5 Nbd7 12. O-O-O Qc7 13. Kb1 Nb6 {B90: Sicilian Najdorf: Unusual White 6th moves, 6 Be3 Ng4 and 6 Be3 e5} 14. Qa5 Rc8 15. c3 Bd8 {The position is equal.} 16. h4 $146 ({Predecessor:} 16. Bxb6 Qxb6 17. Qa4+ Kf8 18. g3 Rc7 19. Bh3 h4 20. f4 Re7 21. Bf5 {0-1 (32) Dai,C (2464)-Jakovenko,D (2735) China 2018}) 16... Nbxd5 17. Qxc7 Bxc7 18. Bg5 O-O 19. g3 Ne7 20. Bg2 Rb8 21. f4 exf4 22. Bxf6 gxf6 23. gxf4 Rfd8 24. Nd4 d5 25. Ne2 b5 26. b4 a5 27. Rh3 Kf8 28. Rhd3 Re8 29. Bf3 Nf5 30. Bxh5 Nxh4 (30... Ne3 $11 31. Rc1 Ra8) 31. Rxd5 $14 axb4 32. cxb4 Ng2 33. Rd7 Re7 34. Rxe7 Kxe7 35. Nd4 {[#] Threatens to win with Nc6+.} Kf8 36. Nf5 {Black must now prevent Rd7!} Nxf4 37. Bf3 Rd8 {[#]} (37... Ne6 $11) 38. Rxd8+ $1 $16 Bxd8 {[%mdl 4096] Endgame KBN-KBN} 39. Bc6 Bb6 40. Kb2 Ne2 41. Bxb5 Nd4 42. Nxd4 Bxd4+ {KB-KB} 43. Kb3 Ke7 44. Kc4 Be3 45. Kd5 Kd8 46. Kc6 Kc8 47. a4 Bd2 48. a5 Kb8 49. Kc5 Be3+ 50. Kc4 Bd2 51. Bd7 Kc7 52. Bf5 Be1 53. Kb5 Bd2 54. Ka4 Kd6 55. b5 Kc5 56. b6 Bc3 {Accuracy: White = 61%, Black = 66%.} 1/2-1/2

[Event "Superbet Rapid GCT 2019"]
[Site "Bucharest"]
[Date "2019.11.08"]
[Round "9.5"]
[White "Mamedyarov, Shakhriyar"]
[Black "Karjakin, Sergey"]
[Result "1/2-1/2"]
[WhiteElo "2767"]
[BlackElo "2760"]
[Annotator "TA"]
[PlyCount "69"]
[EventDate "2019.11.06"]
[EventType "tourn"]
[EventCountry "ROU"]
[SourceTitle "playchess.com"]
[Source "ChessBase"]
[SourceQuality "1"]

{[%evp 17,69,22,34,29,21,28,28,28,36,33,25,22,41,35,26,50,44,4,12,0,22,13,10,8,8,5,14,13,21,14,12,11,14,10,13,15,13,8,9,6,4,4,8,0,1,0,0,0,0,0,0,0,0,0]} 1. d4 Nf6 2. c4 e6 3. Nc3 Bb4 4. Qc2 d5 5. a3 Bxc3+ 6. Qxc3 Ne4 7. Qc2 c5 8. dxc5 Nc6 9. Nf3 Qa5+ ({Of course not} 9... Nxc5 10. b4 $16) 10. Bd2 {E37: Nimzo-Indian: Classical: 4...d5 5 a3 Bxc3+ 6 Qxc3 Ne4} Qxc5 11. e3 Nxd2 12. Nxd2 {White has an edge.} dxc4 (12... O-O 13. b4 Qe7 14. Bd3 h6 15. O-O Rd8 16. Nf3 dxc4 17. Qxc4 a6 18. Rfd1 Bd7 19. Rac1 Rac8 20. Qb3 Be8 21. h3 Rd6 {½-½ (21) Parligras,M (2638)-Matlakov,M (2701) Changsha 2019}) 13. Bxc4 (13. O-O-O Qf5 14. Ne4 O-O 15. Bxc4 Ne5 16. g4 Nxg4 17. Rhg1 Nf6 {½-½ (39) Mamedyarov,S (2814)-Karjakin,S (2778) Shamkir 2018}) 13... O-O 14. Rc1 Ne5 15. Be2 $146 ({Predecessor:} 15. O-O Bd7 16. b4 Qc7 17. Qb2 Nxc4 18. Rxc4 {½-½ (49) Shishkin,V (2498)-Korennoi,V (2223) Wroclaw 2009}) 15... Qxc2 16. Rxc2 Rd8 17. Nf3 Nc6 {The position is equal.} 18. O-O Bd7 19. Rfc1 Rac8 20. Kf1 Kf8 21. Ke1 Ne7 22. Ne5 Rxc2 (22... Be8 {keeps more tension.} 23. f4 Rxc2 24. Rxc2 Rc8 25. Rc4 f6) 23. Nxd7+ Rxd7 24. Rxc2 $11 {[%mdl 4096] Endgame KRB-KRN} Nd5 25. Bf3 Ke7 26. Ke2 b6 27. Bxd5 Rxd5 {KR-KR} 28. Rc7+ Rd7 29. Rc8 Rd5 30. f4 Rb5 31. Rc7+ Kf6 32. Rxa7 {Strongly threatening b4.} Rxb2+ 33. Kf3 b5 34. a4 bxa4 35. Rxa4 {Accuracy: White = 65%, Black = 65%.} 1/2-1/2